Liturgia de las horas : propio de los santos : mayo-julio /

Zapisane w:
Opis bibliograficzny
Korporacja: Iglesia Católica. Conferencia del Episcopado Mexicano. Comisión Episcopal de Liturgia, Música y Arte Sacro
Format: Książka
Język:hiszpański
Wydane: México : El, 1974, c1974
Hasła przedmiotowe:
Etykiety: Dodaj etykietę
Nie ma etykietki, Dołącz pierwszą etykiete!

MARC

LEADER 00000nam^a2200000^a^4500
001 000380825
005 20250521000000.0
009 20260310120624.701
037 |a Acervo Xavier Clavigero 
041 |a ESP 
082 |a 264. 024  |b IGL 
110 |a Iglesia Católica.  |b Conferencia del Episcopado Mexicano. Comisión Episcopal de Liturgia, Música y Arte Sacro 
245 1 0 |a Liturgia de las horas :  |b propio de los santos : mayo-julio /  |c Conferencia del Episcopado Mexicano. Comisión Episcopal de Liturgia, Música y Arte Sacro. 
264 4 |a México :  |b El,  |c 1974, c1974 
300 |a 284 p. 
336 |a texto  |b txt  |2 rdacontenido 
337 |a sin mediación  |b n  |2 rdamedio 
338 |a volumen  |b nc  |2 rdasoporte 
649 |a XX 
650 |a Iglesia Católica 
650 |a Santos -  |x Culto 
650 |a Libros de Horas -  |x Tema Principal 
650 |a Libros de Oraciones y Devocionarios 
650 |a Liturgia Cristiana -  |x Tema Principal 
650 |a Catolicismo 
650 |a Cristianismo 
650 |a Religión 
910 |a Fondo General 
920 |a Impresos - Libros 
930 |a Colección General 
905 |a 101 
901 |a 038710  |b IT1  |c ACC  |u 20250521 
902 |a https://opac.biblio.iteso.mx/vufind/Record/000380825